000 00752cam a22002413a 4500
001 42537
003 PGUSA
005 20140828083949.0
008 130414s2013||||xxu|||||s|||||000 | eng d
040 _aPGUSA
_beng
042 _adc
050 4 _aQH
100 1 _aBaker, Rollin H.
_q(Rollin Harold),
_d1916-2007
245 1 4 _aThe Avifauna of Micronesia, Its Origin, Evolution, and Distribution
_h[electronic resource] /
_cRollin H. Baker
260 _bProject Gutenberg,
_c2013
506 _aPublic domain in the USA.
516 _aElectronic text
653 _aBirds -- Pacific Islands (Trust Territory)
653 _aBirds -- Micronesia
830 0 _aProject Gutenberg
_v42537
856 4 0 _uhttp://www.gutenberg.org/ebooks/42537
942 _cEB
999 _c271789
_d271789